<?xml version="1.0" encoding="UTF-8"?>
<record
    xmlns:xsi="http://www.w3.org/2001/XMLSchema-instance"
    xsi:schemaLocation="http://www.loc.gov/MARC21/slim http://www.loc.gov/standards/marcxml/schema/MARC21slim.xsd"
    xmlns="http://www.loc.gov/MARC21/slim">

  <leader>01755nam a22003137a 4500</leader>
  <controlfield tag="005">20200104041626.0</controlfield>
  <controlfield tag="008">140605b2014    ec ||||| |||| 00| 0 spa d</controlfield>
  <datafield tag="020" ind1=" " ind2=" ">
    <subfield code="a">9789978993248</subfield>
  </datafield>
  <datafield tag="041" ind1=" " ind2=" ">
    <subfield code="a">spa</subfield>
  </datafield>
  <datafield tag="082" ind1=" " ind2=" ">
    <subfield code="a">333.95</subfield>
    <subfield code="b">U33a2</subfield>
  </datafield>
  <datafield tag="110" ind1="1" ind2=" ">
    <subfield code="9">24330</subfield>
    <subfield code="a">Uni&#xF3;n Internacional para la Conservaci&#xF3;n de la Naturaleza y los Recursos Naturales</subfield>
  </datafield>
  <datafield tag="245" ind1="1" ind2="0">
    <subfield code="a">Acceso a recursos gen&#xE9;ticos en Am&#xE9;rica Latina y el Caribe :</subfield>
    <subfield code="b">investigaci&#xF3;n, comercializaci&#xF3;n y cosmovisi&#xF3;n ind&#xED;genal /</subfield>
    <subfield code="c">editado por Montserrat Rios y Arturo Mora</subfield>
  </datafield>
  <datafield tag="260" ind1=" " ind2=" ">
    <subfield code="a">Quito</subfield>
    <subfield code="b">Uni&#xF3;n Internacinal para la Conservaci&#xF3;n de la Naturaleza UICN</subfield>
    <subfield code="c">2014</subfield>
  </datafield>
  <datafield tag="300" ind1=" " ind2=" ">
    <subfield code="a">116 p.</subfield>
    <subfield code="b">il.  (col), mapas</subfield>
    <subfield code="c">25 cm.</subfield>
  </datafield>
  <datafield tag="500" ind1=" " ind2=" ">
    <subfield code="a">Publicado en apoyo al marco de implementaci&#xF3;n del Protocolo de Nagoya sobre acceso y distribuci&#xF3;n de beneficios derivados del uso de recursos gen&#xE9;ticos</subfield>
  </datafield>
  <datafield tag="504" ind1=" " ind2=" ">
    <subfield code="a">Incluye bibliograf&#xED;a (p&#xE1;g. 106-111)</subfield>
  </datafield>
  <datafield tag="505" ind1=" " ind2=" ">
    <subfield code="a">Investigaci&#xF3;n de la biodiversidad en pa&#xED;ses megadiversos:  estrategias para alianzas cient&#xED;ficas y t&#xE9;cnicas (pag. 13)</subfield>
  </datafield>
  <datafield tag="505" ind1=" " ind2=" ">
    <subfield code="a">Comercializaci&#xF3;n de la biodiversidad:  mercados para recursos gen&#xE9;ticos y productos bioqu&#xED;micos (p&#xE1;g. 43)</subfield>
  </datafield>
  <datafield tag="505" ind1=" " ind2=" ">
    <subfield code="a">Interrelaci&#xF3;n entre cosmovisi&#xF3;n ind&#xED;gena y biodiversidad:  &#xBF;c&#xF3;mo proteger el conocimiento tradicional y los recursos gen&#xE9;ticos? (p&#xE1;g. 79)</subfield>
  </datafield>
  <datafield tag="505" ind1=" " ind2=" ">
    <subfield code="a">Acceso a recursos gen&#xE9;ticos en Am&#xE9;rica Latina y el Caribe:  retos para la distribuci&#xF3;n justa y equitativa en los beneficios (p&#xE1;g. 113)</subfield>
  </datafield>
  <datafield tag="650" ind1=" " ind2=" ">
    <subfield code="a">Biolog&#xED;a</subfield>
    <subfield code="9">92</subfield>
  </datafield>
  <datafield tag="650" ind1=" " ind2=" ">
    <subfield code="a">Recursos gen&#xE9;ticos</subfield>
    <subfield code="9">24337</subfield>
  </datafield>
  <datafield tag="650" ind1=" " ind2=" ">
    <subfield code="a">Cosmovisi&#xF3;n ind&#xED;gena</subfield>
    <subfield code="9">24338</subfield>
  </datafield>
  <datafield tag="651" ind1=" " ind2=" ">
    <subfield code="a">Am&#xE9;rica Latina</subfield>
    <subfield code="9">24339</subfield>
  </datafield>
  <datafield tag="651" ind1=" " ind2=" ">
    <subfield code="a">Caribe</subfield>
    <subfield code="9">24340</subfield>
  </datafield>
  <datafield tag="700" ind1="1" ind2=" ">
    <subfield code="a">Rios, Montserrat</subfield>
    <subfield code="e">ed</subfield>
    <subfield code="9">1913</subfield>
  </datafield>
  <datafield tag="700" ind1="1" ind2=" ">
    <subfield code="a">Mora, Arturo</subfield>
    <subfield code="e">ed</subfield>
    <subfield code="9">24341</subfield>
  </datafield>
  <datafield tag="942" ind1=" " ind2=" ">
    <subfield code="2">ddc</subfield>
    <subfield code="c">Impreso</subfield>
  </datafield>
  <datafield tag="999" ind1=" " ind2=" ">
    <subfield code="c">8468</subfield>
    <subfield code="d">8468</subfield>
  </datafield>
  <datafield tag="952" ind1=" " ind2=" ">
    <subfield code="0">0</subfield>
    <subfield code="1">0</subfield>
    <subfield code="2">ddc</subfield>
    <subfield code="4">0</subfield>
    <subfield code="7">0</subfield>
    <subfield code="8">GENERAL</subfield>
    <subfield code="I">INV2017</subfield>
    <subfield code="a">Bogota</subfield>
    <subfield code="b">Bogota</subfield>
    <subfield code="d">2014-06-05</subfield>
    <subfield code="e">Instituto</subfield>
    <subfield code="g">39000.00</subfield>
    <subfield code="l">0</subfield>
    <subfield code="o">LB-333.95 U33a2</subfield>
    <subfield code="p">038074</subfield>
    <subfield code="r">2014-06-05 00:00:00</subfield>
    <subfield code="t">Ej. 1</subfield>
    <subfield code="w">2014-06-05</subfield>
    <subfield code="x">Donaci&#xF3;n</subfield>
    <subfield code="y">LIBRO</subfield>
  </datafield>
</record>
